• 首页
  • 本馆介绍
  • 公告通知
  • 最新文献
  • 馆藏检索
  • 电子资源
  • 读者导购
  • 参考咨询
  • 我的图书馆
  • 登录
  • 详细信息显示
  • 放入我的书架
  • 预约/预借图书
  • 作者相关作品
  • 分类相关作品
  • 丛书相关作品
  • 出版社相关作品

书目信息

  • 表格格式
  • 工作单格式
  • 卡片格式
题名:
渔场手册
    
 
作者: ;山东省海洋水产研究所 编
分册:  
出版信息: 北京   农业出版社  1978
页数: 77页
开本: 26cm
丛书名:
单 册:
中图分类: S97-62
科图分类:
主题词: 捕捞
电子资源:
ISBN:
000 00627nam0 2200229 45
001 0178000537
005 20041221111309.9
010    @dCNY0.45
091    @a16144.1833
100    @a19950803d1978 em y0chiy0121 ea
101 0  @achi
102    @aCN@b110000
105    @ay z 000yy
200 10 @a渔场手册@Ayu chang shou ce@f山东省海洋水产研究所编@FShan Dong Sheng Hai Yang Shui Chan Yan Jiu Suo Bian
210    @a北京@c农业出版社@d1978
215    @a77页@d26cm
300    @a国内发行
606 0  @a捕捞
690    @aS97-62@v3
711 02 @a山东省海洋水产研究所@4编
801  0 @aCN@bNLC@c20041221
905    @f1@b2592@dS97-62@e1
    
    渔场手册/山东省海洋水产研究所编.-北京:农业出版社,1978
    77页;26cm
    国内发行
    
    ISBN :CNY0.45
    
●
相关链接 在E读中查询图书 在五车中查询图书 在当当中查询图书 在豆瓣中查询图书


正题名:渔场手册     索取号:S97-62/1         预约/预借

序号 登录号 条形码 馆藏地/架位号 状态 备注
1 0002591   000882986   第二样本阅览室/ [索取号:S97-62/1] 在馆    
2 0002592   001698826   第三借阅区/ [索取号:S97-62/1] 在馆    
唐山师范学院图书馆 欢迎您!
大连网信软件有限公司© 版权所有